000 00848 a2200253 4500
003 OSt
005 20230727110509.0
008 230207s2015 mx a|||f |||| 001 0 spa d
020 _a9786076224267
020 _a9788426721785
040 _cCHAP
082 0 0 _222
_a620.00420285
_bA65a 2015
245 0 0 _aAprender AutoCAD 2015 Avanzado:
_bcon 100 ejercicios prácticos /
_c[MEDIAactive]
264 1 _aMéxico:
_bAlfaomega:
_bMarcombo,
_c2015.
300 _a213 páginas:
_bIlustraciones
490 1 _aComputación.
500 _aContiene 100 ejercicios prácticos
504 _aIncluye índice
650 4 _98407
_aAutoCAD (Programa para computadora)
650 4 _9147159
_aGráficas por computadora
650 4 _9147302
_aDiseño asistido por computador
830 _9187693
_aComputación.
_pDiseño por computadora
942 _cLibro
_2ddc
999 _c218286
_d218286